Statistiken für Konjugation oír

Klicken Sie hier um das Quiz zu spielen!

Allgemein

  • Dieses Quiz wurde 16 mal gespielt
  • Das Durchschnittsergebnis liegt bei 5 aus 8

Antwortstatistiken

hörenoír% Korrekt
el/ella/ustedoye
100%
ellos/ellasoyen
82%
tuoyes
73%
yooigo
64%
nosotrosoímos
64%
Partizipoído
55%
Gerundiumoyendo
45%
vosotrosoís
36%

Verteilung der Resultate

Perzentil nach korrekt beantworteten Fragen

Anzahl Personen mit jedem Resultat

Ihre Resultats-Entwicklung

Sie haben dieses Quiz noch nicht gespielt